American Expansion : a Book of Maps /
Colección de mapas de Estados Unidos desde 1790 hasta 1900 que nos muestran como se fue expandiendo el territorio norteamericano.
Αποθηκεύτηκε σε:
| Κύριος συγγραφέας: | |
|---|---|
| Άλλοι συγγραφείς: | |
| Μορφή: | Βιβλίο |
| Γλώσσα: | Αγγλικά |
| Έκδοση: |
Homewood, EUA :
Dorsey,
1962, c1962
|
| Θέματα: | |
| Ετικέτες: |
Δεν υπάρχουν, Καταχωρήστε ετικέτα πρώτοι!
|
MARC
| LEADER | 00000nam^a2200000^a^4500 | ||
|---|---|---|---|
| 001 | 000126618 | ||
| 005 | 20250521000000.0 | ||
| 009 | 20260310094733.415 | ||
| 037 | |a Acervo ITESO - Biblioteca | ||
| 041 | |a ING | ||
| 082 | |a 973. |b SAL | ||
| 100 | |a Sale, Randall D. |e (autor) | ||
| 245 | 1 | 0 | |a American Expansion : |b a Book of Maps / |c R.D. Sale, E.D. Karn. |
| 264 | 4 | |a Homewood, EUA : |b Dorsey, |c 1962, c1962 | |
| 300 | |a 27 p. | ||
| 336 | |a texto |b txt |2 rdacontenido | ||
| 337 | |a sin mediación |b n |2 rdamedio | ||
| 338 | |a volumen |b nc |2 rdasoporte | ||
| 520 | |a Colección de mapas de Estados Unidos desde 1790 hasta 1900 que nos muestran como se fue expandiendo el territorio norteamericano. | ||
| 649 | |a XX | ||
| 650 | |a Fronteras Geopolíticas - |z EUA - |x Historia | ||
| 650 | |a Territorio Nacional - |z EUA - |x Historia | ||
| 650 | |a Geografía Política - |z EUA - |x Historia | ||
| 650 | |a Geografía Histórica - |z EUA | ||
| 650 | |a Geografía - |z EUA - |x Historia | ||
| 650 | |a EUA - |x Historia - |y Siglo XIX | ||
| 700 | |a Karn, Edwin D. |e (autor) | ||
| 910 | |a Fondo Salvador Reynoso Reynoso | ||
| 920 | |a Impresos - Libros | ||
| 930 | |a Fondos Especiales | ||
| 905 | |a 112 | ||
| 901 | |a 0800009034 |b IT2 |c ESP |u 20250521 | ||
| 902 | |a https://opac.biblio.iteso.mx/vufind/Record/000126618 | ||